| 000 | 00979 a2200253 4500 | ||
|---|---|---|---|
| 001 | 200000122 | ||
| 999 |
_c200000122 _d42772 |
||
| 003 | TR-AnTOB | ||
| 005 | 20230818000850.0 | ||
| 008 | 981027m19969999enkac 001 0 eng d | ||
| 020 | _a0175569975 (Students' book) | ||
| 020 | _a0175569983 (Teacher's book) | ||
| 245 | 0 |
_aFocus on First certificate / _cSue O'Connell. |
|
| 246 | 1 | _aFocus on First certificate for the revised exam | |
| 250 | _a3rd ed. | ||
| 300 |
_av. : _bill. ; _c28 cm. |
||
| 852 |
_yIn place _5N11513920 _713682285 |
||
| 852 |
_yIn place _5N11437558 _713682286 |
||
| 942 | _cBK | ||
| 041 | _atur | ||
| 100 | 1 |
_aO'Connell, Susan _967731 |
|
| 264 | 1 |
_aHarlow : _bLongman, _c1996- |
|
| 650 | 0 |
_aEnglish language _xStudy and teaching _xForeign speakers _977185 |
|
| 650 | 0 |
_aEnglish language _vTextbooks for foreign speakers _xTextbooks for foreign speakers _967636 |
|